000 01262nam0a2200277 4500
001 RU\NLR\ONL1\10092
005 20260406154422.0
035 _a(NLR Aleph) 009638840
090 _a9537139
_c9537139
100 _a20061027d1953 |||y0rusy50 ca
101 0 _achm
102 _aRU
105 _ac |||||||||
200 1 _aВКП(б) Центральный Комитетын пäшäжы гишäн партин XIX съездлан отчетный доклад
_e1952 ин 5 окт.
_fГ. М. Маленков
210 _aКозьмодемьянск
_cМаргосиздатын Кырык-Мары филиал
_d1953
215 _a123 с.
_cпортр.
_d20
541 1 _aОтчетный доклад XIX съезду партии о работе Центрального Комитета ВКП(б) 5 октября 1952 года
_zrus
601 0 2 _aКПСС. Съезд, 19-й. Москва, 1952
_91510834
_3RU\NLR\auth\66655835
686 1 _aФ61(2)11
700 1 _8rus
_7ca
_aМаленков
_bГ. М.
_f1902-1988
_gГеоргий Максимилианович
_3RU\NLR\auth\777126
_9117065
801 0 _aRU
_bNLR
_c20061027
_gPSBO
852 _aNLR
_bОНЛ
_jМар.г./2-1607
942 _cBOOK
980 _aNB